BIBLIOTECA

SENCICO

Albañilería : obra blanca (Registro nro. 3501)

Detalles MARC
000 -LEADER
fixed length control field 00373nam a2200169Ia 4500
005 - DATE AND TIME OF LATEST TRANSACTION
control field 20251020182616.0
008 - FIXED-LENGTH DATA ELEMENTS--GENERAL INFORMATION
fixed length control field 200515s9999 xx 000 0 und d
082 ## - DEWEY DECIMAL CLASSIFICATION NUMBER
Classification number SC/693.6(02)/E16
110 ## - MAIN ENTRY--CORPORATE NAME
Corporate name or jurisdiction name as entry element Secap
245 #0 - TITLE STATEMENT
Title Albañilería : obra blanca
260 ## - PUBLICATION, DISTRIBUTION, ETC.
Place of publication, distribution, etc. Quito
260 ## - PUBLICATION, DISTRIBUTION, ETC.
Date of publication, distribution, etc. 1976
300 ## - PHYSICAL DESCRIPTION
Extent s.n.
650 ## - SUBJECT ADDED ENTRY--TOPICAL TERM
Topical term or geographic name entry element ALBAÑILERIA
650 ## - SUBJECT ADDED ENTRY--TOPICAL TERM
Topical term or geographic name entry element PUB SECAP
942 ## - ADDED ENTRY ELEMENTS (KOHA)
Koha item type Libros
Existencias
Fecha de la última vez que lo usaron Pago total Signatura topográfica completa Código de barras Precio efectivo desde Tipo de documento Estado perdido Estado dañado No es para préstamo Retirado Ubicación permanente Ubicación actual Fecha de adquisición
15/05/2020   SC/693.6(02)/E16 Bib-Lima15053501 15/05/2020 Libros         Biblioteca Central Lima Biblioteca Central Lima 15/05/2020